[Event "Manila Interzonal"]
[Site "Manila"]
[Date "1990.??.??"]
[Round "11"]
[White "Dolmatov, Sergey"]
[Black "Huebner, Robert"]
[Result "1/2-1/2"]
[WhiteElo "2615"]
[BlackElo "2585"]
[Annotator "ChessBase"]
[PlyCount "88"]
[EventDate "1990.06.29"]
[EventType "swiss"]
[EventRounds "13"]
[EventCountry "PHI"]
[SourceTitle "CBM 019"]
[Source "ChessBase"]
[SourceDate "1990.12.01"]
[SourceVersion "1"]
[SourceVersionDate "1990.12.01"]
[SourceQuality "1"]

1. e4 e5 2. Nf3 Nc6 3. Bb5 a6 4. Ba4 Nf6 5. O-O Be7 6. Re1 b5 7. Bb3 O-O 8. c3
d6 9. h3 Na5 10. Bc2 c5 11. d4 Qc7 12. Nbd2 Bd7 13. Nf1 Nc4 14. Ng3 g6 $5 (
14... Rfe8) 15. d5 Ne8 16. a4 Ng7 17. b3 Na5 18. axb5 axb5 19. Bh6 Nb7 20. Qd2
Rfb8 21. b4 f6 22. Nh2 Nd8 23. Be3 Nf7 $10 24. Ne2 Qc8 25. Bb3 c4 26. Bc2 Rxa1
27. Rxa1 Ra8 28. Qe1 Ra6 29. f4 Qa8 30. Rd1 Ra2 31. Bb1 Ra1 32. Nf3 f5 33. exf5
Nxf5 34. Bf2 Bf6 35. fxe5 Nxe5 36. Be4 Rxd1 37. Qxd1 Nxf3+ 38. Bxf3 Be5 39. g4
Ne7 40. Qd2 Qf8 41. Kg2 Qf7 42. Bg3 Qf6 43. Qe3 g5 44. Bxe5 Qxe5 1/2-1/2

[Event "Candidates m3"]
[Site "Wijk aan Zee"]
[Date "1991.??.??"]
[Round "8"]
[White "Jussupow, Artur"]
[Black "Dolmatov, Sergey"]
[Result "1-0"]
[WhiteElo "2605"]
[BlackElo "2620"]
[Annotator "Borik,O"]
[PlyCount "87"]
[EventDate "1991.01.??"]
[EventType "match"]
[EventRounds "8"]
[EventCountry "NED"]
[SourceTitle "Candidates"]
[Source "ChessBase"]
[SourceDate "1999.07.01"]
[SourceVersion "2"]
[SourceVersionDate "1999.07.01"]
[SourceQuality "1"]

1. d4 Nf6 2. c4 g6 3. Nc3 Bg7 4. e4 d6 5. f3 O-O 6. Bg5 (6. Be3 c5) 6... c5 7.
d5 e6 8. Qd2 exd5 9. cxd5 h6 10. Be3 (10. Bxh6 Nxe4 11. Nxe4 Qh4+) 10... h5 11.
Nge2 Nbd7 12. Nc1 Ne5 (12... a6 13. a4) 13. Be2 Nh7 14. O-O f5 15. f4 Nf7 16.
e5 dxe5 17. Bxc5 Re8 18. Nd3 e4 19. Ne1 Nf6 20. Nc2 Bd7 21. h3 Qc7 22. Qe3 b6
23. Bd4 b5 24. Rac1 Qb7 25. Nb4 a5 (25... Rac8) 26. Nc6 b4 27. Bxf6 Bxf6 28.
Na4 Rac8 29. Nb6 Bxc6 30. Nxc8 Bxd5 31. Rfd1 Bxb2 32. Rc5 Bxa2 33. Nd6 Nxd6 34.
Rxd6 Bf7 35. Bc4 Bxc4 (35... Kg7) 36. Rxg6+ Bg7 37. Rxc4 Qf7 38. Rcc6 b3 39.
Qb6 b2 40. Qxb2 e3 41. Rcf6 Qc7 42. Qa2+ Kh8 43. Rxf5 Kh7 44. Re6 1-0

[Event "Candidates m3 g/45"]
[Site "Wijk aan Zee"]
[Date "1991.??.??"]
[Round "12"]
[White "Jussupow, Artur"]
[Black "Dolmatov, Sergey"]
[Result "1/2-1/2"]
[WhiteElo "2605"]
[BlackElo "2620"]
[Annotator "Knaak,R"]
[PlyCount "97"]
[EventDate "1991.01.??"]
[EventType "match (rapid)"]
[EventRounds "4"]
[EventCountry "NED"]
[SourceTitle "Candidates"]
[Source "ChessBase"]
[SourceDate "1999.07.01"]
[SourceVersion "2"]
[SourceVersionDate "1999.07.01"]
[SourceQuality "1"]

1. d4 Nf6 2. c4 g6 3. Nf3 Bg7 4. g3 O-O 5. Bg2 d6 6. O-O Nbd7 7. Nc3 e5 8. h3
c6 9. e4 Qb6 10. c5 dxc5 11. dxe5 Ne8 12. Na4 Qb5 $5 {N; So erfahren wir
Yusupovs Vorbereitung nicht.} (12... Qa6 13. Bf4 Nc7 14. Qc2 Ne6 15. Rfd1 Re8
$13 {Yusupov-Kasparov/Linares/1990/i49/700}) 13. Qc2 Nc7 14. Be3 Ne6 15. Rfd1
c4 16. Bf1 Nxe5 17. Nxe5 Qxe5 18. Qxc4 Ng5 $10 19. Bxg5 $8 Qxg5 20. Qc5 Qxc5
21. Nxc5 b6 22. Nd3 c5 23. Rac1 Bb7 24. Bg2 Rfe8 25. e5 Bxg2 26. Kxg2 Bxe5 27.
Nxe5 Rxe5 28. Rd7 a5 29. Rb7 Re6 30. Rc3 Rd8 31. Rf3 f6 32. Rb3 Rdd6 33. g4 g5
34. a4 h6 35. h4 Re4 36. hxg5 hxg5 37. Kg3 Ree6 38. Kf3 Kf8 39. Kg2 Re4 40. Kg3
Rxa4 41. Re3 Rf4 42. Ree7 Rd3+ 43. Kg2 Rxg4+ 44. Kf1 Rd8 45. Rf7+ Kg8 46. Rg7+
Kh8 47. Rh7+ Kg8 48. Rhg7+ Kf8 49. Rgf7+ 1/2-1/2

[Event "Buenos Aires Najdorf"]
[Site "Buenos Aires"]
[Date "1991.??.??"]
[Round "3"]
[White "Panno, Oscar"]
[Black "Dolmatov, Sergey"]
[Result "1/2-1/2"]
[WhiteElo "2440"]
[BlackElo "2620"]
[PlyCount "56"]
[EventDate "1991.04.??"]
[EventType "tourn"]
[EventRounds "13"]
[EventCountry "ARG"]
[EventCategory "11"]
[SourceTitle "CBM 024"]
[Source "ChessBase"]
[SourceDate "1991.10.01"]
[SourceVersion "1"]
[SourceVersionDate "1991.10.01"]
[SourceQuality "1"]

1. d4 f5 2. g3 Nf6 3. Bg2 e6 4. Nf3 d5 5. c4 c6 6. Qc2 Bd6 7. Bf4 Bxf4 8. gxf4
O-O 9. Nbd2 Ne4 10. e3 Nxd2 11. Qxd2 b6 12. Rc1 Nd7 13. cxd5 cxd5 14. Qb4 Nf6
15. Ne5 a5 16. Qa3 Ba6 17. h4 Re8 18. Kd2 Rc8 19. Rxc8 Bxc8 20. Nc6 Qd7 21. Rc1
Bb7 22. Ne5 Qd8 23. Qc3 Ng4 24. Qc7 Nxe5 25. Qxd8 Rxd8 26. fxe5 Rc8 27. Rxc8+
Bxc8 28. Bf1 Bd7 1/2-1/2

[Event "Buenos Aires Najdorf"]
[Site "Buenos Aires"]
[Date "1991.??.??"]
[Round "7"]
[White "Dolmatov, Sergey"]
[Black "Ricardi, Pablo"]
[Result "1-0"]
[WhiteElo "2620"]
[BlackElo "2435"]
[PlyCount "71"]
[EventDate "1991.04.??"]
[EventType "tourn"]
[EventRounds "13"]
[EventCountry "ARG"]
[EventCategory "11"]
[SourceTitle "CBM 024"]
[Source "ChessBase"]
[SourceDate "1991.10.01"]
[SourceVersion "1"]
[SourceVersionDate "1991.10.01"]
[SourceQuality "1"]

1. e4 c5 2. Nf3 d6 3. d4 cxd4 4. Nxd4 Nf6 5. Nc3 g6 6. Be3 Bg7 7. f3 Nc6 8. Qd2
O-O 9. O-O-O d5 10. Qe1 e5 11. Nxc6 bxc6 12. exd5 Nxd5 13. Bc4 Be6 14. Ne4 Qc7
15. Bc5 Rfd8 16. g4 Nf4 17. Bxe6 Nxe6 18. Bd6 Qb6 19. g5 Nd4 20. Rf1 Nf5 21.
Bc5 Qa6 22. a3 Rd5 23. Qf2 Nd4 24. Bb4 Rb8 25. Kb1 c5 26. Nxc5 Rxc5 27. Bxc5
Qb5 28. Bxd4 exd4 29. b3 d3 30. Rxd3 Qe5 31. Kc1 Qb2+ 32. Kd1 Bc3 33. Qe3 Rxb3
34. cxb3 Qxb3+ 35. Ke2 Qa2+ 36. Rd2 1-0

[Event "Buenos Aires Najdorf"]
[Site "Buenos Aires"]
[Date "1991.??.??"]
[Round "10"]
[White "Amura, Claudia Noemi"]
[Black "Dolmatov, Sergey"]
[Result "0-1"]
[WhiteElo "2405"]
[BlackElo "2620"]
[Annotator "Wahls"]
[PlyCount "84"]
[EventDate "1991.04.??"]
[EventType "tourn"]
[EventRounds "13"]
[EventCountry "ARG"]
[EventCategory "11"]
[SourceTitle "CBM 024"]
[Source "ChessBase"]
[SourceDate "1991.10.01"]
[SourceVersion "1"]
[SourceVersionDate "1991.10.01"]
[SourceQuality "1"]

1. d4 Nf6 2. c4 g6 3. Nc3 Bg7 4. e4 d6 5. Be2 O-O 6. Nf3 e5 7. O-O Nc6 8. d5
Ne7 9. Nd2 a5 10. a3 Nd7 11. Rb1 f5 12. b4 Kh8 13. f3 Ng8 14. Nb3 $6 axb4 15.
axb4 Ndf6 16. c5 Nh5 17. g3 Nhf6 18. g4 (18. Bd2 $2 fxe4 19. fxe4 Bh3 $17 {
Farago-Vogt,Tastrup 1990}) 18... Ne8 19. Bd2 Nh6 20. h3 Nf7 21. Kg2 Bf6 22.
cxd6 cxd6 23. Na5 h5 $36 24. Be3 Bg5 25. Bf2 Kg7 26. Na4 hxg4 27. hxg4 fxg4 28.
fxg4 Nh6 29. Bf3 Nf6 30. Nb6 Rb8 31. Nxc8 Qxc8 32. Ba7 Ra8 33. Bg1 Rh8 34. Rb3
Bf4 35. Rf2 Nhxg4 36. Bxg4 Nxg4 37. Rc2 Qd7 38. Rcc3 Nf6 39. Qe2 Rh5 40. Rh3
Rxh3 41. Rxh3 Nxe4 42. Rd3 Qf5 0-1

[Event "Cacak-B"]
[Site "Cacak"]
[Date "1991.??.??"]
[Round "4"]
[White "Dolmatov, Sergey"]
[Black "Colovic, Dusan"]
[Result "0-1"]
[WhiteElo "2620"]
[BlackElo "2255"]
[PlyCount "84"]
[EventDate "1991.05.??"]
[EventType "tourn"]
[EventRounds "11"]
[EventCountry "YUG"]
[EventCategory "4"]
[SourceTitle "EXT 1997"]
[Source "ChessBase"]
[SourceDate "1996.11.15"]
[SourceVersion "1"]
[SourceVersionDate "1996.11.15"]
[SourceQuality "1"]

1. e4 c5 2. Nf3 Nc6 3. Bb5 e6 4. O-O Nge7 5. b3 a6 6. Bxc6 Nxc6 7. Bb2 b5 8. a4
bxa4 9. Rxa4 Bb7 10. Re1 d6 11. d4 cxd4 12. Nxd4 Be7 13. Na3 O-O 14. Nc4 Re8
15. Qa1 Nxd4 16. Bxd4 Bf8 17. Qb2 e5 18. Bc3 d5 19. Na5 Qd7 20. Nxb7 Qxb7 21.
Bxe5 dxe4 22. Bd4 Rac8 23. Raa1 Re6 24. g3 Qc6 25. c4 Rce8 26. Be3 Rd8 27. c5
Rd3 28. Rac1 Be7 29. Rc4 f5 30. Qc2 Re5 31. b4 Red5 32. Qa2 h6 33. Rd4 R3xd4
34. Bxd4 Kh7 35. Be3 Bf6 36. Qc4 Kg6 37. Rb1 Rd3 38. Rc1 Bb2 39. Rc2 Rd1+ 40.
Kg2 f4 41. gxf4 Qe8 42. Qxa6+ Kf5 0-1

[Event "Cacak-B"]
[Site "Cacak"]
[Date "1991.??.??"]
[Round "5"]
[White "Mathe, Gaspar"]
[Black "Dolmatov, Sergey"]
[Result "1-0"]
[WhiteElo "2405"]
[BlackElo "2620"]
[PlyCount "67"]
[EventDate "1991.05.??"]
[EventType "tourn"]
[EventRounds "11"]
[EventCountry "YUG"]
[EventCategory "4"]
[SourceTitle "EXT 1997"]
[Source "ChessBase"]
[SourceDate "1996.11.15"]
[SourceVersion "1"]
[SourceVersionDate "1996.11.15"]
[SourceQuality "1"]

1. e4 e5 2. Nf3 Nc6 3. Bb5 Nf6 4. O-O Bc5 5. c3 O-O 6. d4 Bb6 7. Re1 d6 8. Bg5
h6 9. Bh4 exd4 10. cxd4 Bg4 11. Bxc6 bxc6 12. Nc3 g5 13. Bg3 Nh5 14. Re3 Qf6
15. Ne2 c5 16. e5 Qg6 17. Qa4 cxd4 18. Nfxd4 Bxe2 19. Rxe2 Nxg3 20. hxg3 dxe5
21. Rxe5 Qd6 22. Nf3 f6 23. Qc4+ Rf7 24. Re6 Qc5 25. Qe2 Rd8 26. g4 Qb4 27. Re4
Qc5 28. Re1 f5 29. gxf5 Qxf5 30. Qc4 Qc5 31. Qb3 Qd5 32. Re8+ Rf8 33. Rxd8 Rxd8
34. Rd1 1-0

[Event "Cacak-B"]
[Site "Cacak"]
[Date "1991.??.??"]
[Round "6"]
[White "Dolmatov, Sergey"]
[Black "Mijailovic, Zoran"]
[Result "1/2-1/2"]
[WhiteElo "2620"]
[BlackElo "2330"]
[PlyCount "125"]
[EventDate "1991.05.??"]
[EventType "tourn"]
[EventRounds "11"]
[EventCountry "YUG"]
[EventCategory "4"]
[SourceTitle "EXT 1997"]
[Source "ChessBase"]
[SourceDate "1996.11.15"]
[SourceVersion "1"]
[SourceVersionDate "1996.11.15"]
[SourceQuality "1"]

1. e4 c5 2. Nf3 e6 3. b3 b6 4. Bb2 Bb7 5. Nc3 a6 6. g3 d6 7. Bg2 Nf6 8. d3 Be7
9. O-O O-O 10. Re1 Nc6 11. Nb1 Nd7 12. d4 cxd4 13. Nxd4 Nxd4 14. Bxd4 Qc7 15.
c4 b5 16. Nd2 Bf6 17. Bxf6 Nxf6 18. Rc1 b4 19. Nf1 Rfd8 20. Qd4 Nd7 21. h4 a5
22. h5 h6 23. Rcd1 Nc5 24. g4 a4 25. Re3 axb3 26. axb3 Ra3 27. Qd2 Qb6 28. Rb1
Rda8 29. Ng3 Ra1 30. Rxa1 Rxa1+ 31. Kh2 Ra3 32. Qb2 Qd8 33. Kh3 Qf6 34. e5
Bxg2+ 35. Kxg2 dxe5 36. Qxe5 Qxe5 37. Rxe5 Nd3 38. Rb5 Rxb3 39. Rb8+ Kh7 40.
Ne4 f5 41. gxf5 exf5 42. Nd6 Nf4+ 43. Kh2 Rh3+ 44. Kg1 b3 45. Nxf5 Rc3 46. Nd4
Rc1+ 47. Kh2 Rxc4 48. Nxb3 Nxh5 49. Nd2 Rg4 50. Nf1 Nf4 51. Ne3 Rg5 52. Rd8 h5
53. Rd4 Ne6 54. Re4 Nc5 55. Rd4 Ne6 56. Re4 Nf8 57. Rf4 Nd7 58. Ra4 Nf6 59. Rb4
Kh6 60. Ra4 Ng4+ 61. Nxg4+ Rxg4 62. Ra5 Rg5 63. Ra6+ 1/2-1/2

[Event "Cacak-B"]
[Site "Cacak"]
[Date "1991.??.??"]
[Round "8"]
[White "Dolmatov, Sergey"]
[Black "Marinkovic, Slavisa"]
[Result "1/2-1/2"]
[WhiteElo "2620"]
[BlackElo "2335"]
[PlyCount "93"]
[EventDate "1991.05.??"]
[EventType "tourn"]
[EventRounds "11"]
[EventCountry "YUG"]
[EventCategory "4"]
[SourceTitle "EXT 1997"]
[Source "ChessBase"]
[SourceDate "1996.11.15"]
[SourceVersion "1"]
[SourceVersionDate "1996.11.15"]
[SourceQuality "1"]

1. e4 e6 2. d4 d5 3. Nd2 Nf6 4. e5 Nfd7 5. c3 c5 6. Bd3 Nc6 7. Ne2 cxd4 8. cxd4
f6 9. exf6 Nxf6 10. O-O Bd6 11. Nf3 Qc7 12. h3 O-O 13. Be3 Bd7 14. Rc1 a6 15.
a3 Rae8 16. Nc3 Qb8 17. Na4 Re7 18. Nc5 Be8 19. b4 Bh5 20. Be2 Bxc5 21. Rxc5
Ne4 22. Rc1 Ref7 23. Nd2 Bxe2 24. Qxe2 Nxd2 25. Qxd2 Qd8 26. Rc5 Qh4 27. b5
axb5 28. Rxb5 Ra8 29. Rfb1 Qe7 30. Qc2 Na5 31. Qa4 Qe8 32. Qb4 Nc4 33. Rxb7
Rxb7 34. Qxb7 Rxa3 35. Qc7 Ra8 36. Rb7 Qg6 37. Bf4 Rf8 38. g3 h6 39. Kg2 Qf6
40. Qe7 Qg6 41. Qc7 Qe4+ 42. f3 Qe2+ 43. Kg1 Qd1+ 44. Kg2 Ne3+ 45. Bxe3 Qxf3+
46. Kh2 Qe2+ 47. Kh1 1/2-1/2

[Event "Cacak-B"]
[Site "Cacak"]
[Date "1991.??.??"]
[Round "10"]
[White "Dolmatov, Sergey"]
[Black "Varga, Zoltan"]
[Result "1/2-1/2"]
[WhiteElo "2620"]
[BlackElo "2370"]
[PlyCount "34"]
[EventDate "1991.05.??"]
[EventType "tourn"]
[EventRounds "11"]
[EventCountry "YUG"]
[EventCategory "4"]
[SourceTitle "EXT 1997"]
[Source "ChessBase"]
[SourceDate "1996.11.15"]
[SourceVersion "1"]
[SourceVersionDate "1996.11.15"]
[SourceQuality "1"]

1. e4 d5 2. exd5 Qxd5 3. Nc3 Qa5 4. d4 Nf6 5. Nf3 Bg4 6. h3 Bh5 7. g4 Bg6 8.
Ne5 e6 9. Bg2 Be4 10. Bxe4 Nxe4 11. Qf3 Nd6 12. Qd3 Na6 13. Qe2 Be7 14. Bf4 O-O
15. O-O-O c6 16. Kb1 Nb4 17. Bd2 Qa6 1/2-1/2

[Event "Beersheba"]
[Site "Beersheba"]
[Date "1991.??.??"]
[Round "?"]
[White "Alterman, Boris"]
[Black "Dolmatov, Sergey"]
[Result "1/2-1/2"]
[WhiteElo "2465"]
[BlackElo "2620"]
[PlyCount "69"]
[EventDate "1991.07.??"]
[EventType "tourn"]
[EventRounds "10"]
[EventCountry "ISR"]
[EventCategory "11"]
[SourceTitle "CBM 025"]
[Source "ChessBase"]
[SourceDate "1991.12.01"]
[SourceVersion "1"]
[SourceVersionDate "1991.12.01"]
[SourceQuality "1"]

1. d4 Nf6 2. c4 g6 3. Nc3 Bg7 4. e4 d6 5. f3 O-O 6. Be3 c5 7. d5 e6 8. Qd2 exd5
9. cxd5 h5 10. Bd3 Nbd7 11. Nge2 Ne5 12. O-O a6 13. a4 Re8 14. b3 Nxd3 15. Qxd3
Rb8 16. Rab1 Nd7 17. b4 Ne5 18. Qd1 c4 19. Qd2 b5 20. axb5 axb5 21. Ra1 Nd3 22.
Rfb1 f5 23. Ra7 Rb7 24. Ra8 Qd7 25. Bd4 f4 26. Bxg7 Qxg7 27. Nd1 g5 28. Qc3 Ne5
29. Nd4 g4 30. Nf5 Qg6 31. fxg4 hxg4 32. Qd2 f3 33. Nf2 Rf8 34. Qf4 Kh7 35.
Rba1 1/2-1/2

[Event "Beersheba"]
[Site "Beersheba"]
[Date "1991.??.??"]
[Round "?"]
[White "Dolmatov, Sergey"]
[Black "Alterman, Boris"]
[Result "1/2-1/2"]
[WhiteElo "2620"]
[BlackElo "2465"]
[PlyCount "62"]
[EventDate "1991.07.??"]
[EventType "tourn"]
[EventRounds "10"]
[EventCountry "ISR"]
[EventCategory "11"]
[SourceTitle "CBM 025"]
[Source "ChessBase"]
[SourceDate "1991.12.01"]
[SourceVersion "1"]
[SourceVersionDate "1991.12.01"]
[SourceQuality "1"]

1. e4 c5 2. Nf3 d6 3. d4 cxd4 4. Nxd4 Nf6 5. Nc3 g6 6. Be3 Bg7 7. f3 O-O 8. Qd2
Nc6 9. g4 Be6 10. Nxe6 fxe6 11. O-O-O Ne5 12. Be2 Rc8 13. Nb5 Nc4 14. Bxc4 Rxc4
15. Nd4 Qd7 16. Kb1 Rfc8 17. Rc1 Ne8 18. h4 d5 19. Nb3 Qb5 20. exd5 Qxd5 21.
Qxd5 exd5 22. Bxa7 d4 23. Bb6 Nd6 24. a3 e5 25. Ba5 R4c6 26. c3 Nc4 27. cxd4
exd4 28. Bb4 d3 29. Rhd1 Nxb2 30. Rxc6 bxc6 31. Rc1 Na4 1/2-1/2

[Event "Beersheba"]
[Site "Beersheba"]
[Date "1991.??.??"]
[Round "?"]
[White "Dolmatov, Sergey"]
[Black "Tseitlin, Mark"]
[Result "1-0"]
[WhiteElo "2620"]
[BlackElo "2435"]
[PlyCount "79"]
[EventDate "1991.07.??"]
[EventType "tourn"]
[EventRounds "10"]
[EventCountry "ISR"]
[EventCategory "11"]
[SourceTitle "CBM 025"]
[Source "ChessBase"]
[SourceDate "1991.12.01"]
[SourceVersion "1"]
[SourceVersionDate "1991.12.01"]
[SourceQuality "1"]

1. e4 c5 2. Nf3 Nc6 3. d4 cxd4 4. Nxd4 Nf6 5. Nc3 e5 6. Ndb5 d6 7. Bg5 a6 8.
Na3 b5 9. Bxf6 gxf6 10. Nd5 Bg7 11. Bd3 Ne7 12. Nxe7 Qxe7 13. c3 f5 14. Nc2 Qb7
15. Qf3 O-O 16. Ne3 f4 17. Nd5 Be6 18. g4 Rfe8 19. Kf1 Rac8 20. a3 Rc5 21. Rd1
Kf8 22. Bb1 a5 23. g5 Qd7 24. Rg1 Bxd5 25. exd5 e4 26. Bxe4 b4 27. axb4 axb4
28. Bxh7 bxc3 29. bxc3 Rxc3 30. Rd3 Rc4 31. h4 Re5 32. Rg4 Rc1+ 33. Kg2 Ree1
34. Qxf4 Be5 35. Qf5 Qa7 36. g6 Rg1+ 37. Kf3 Rgf1 38. Rg2 Rc4 39. Re3 Qb7 40.
Rxe5 $138 1-0

[Event "Beersheba"]
[Site "Beersheba"]
[Date "1991.??.??"]
[Round "?"]
[White "Fishbein, Alexander"]
[Black "Dolmatov, Sergey"]
[Result "0-1"]
[WhiteElo "2465"]
[BlackElo "2620"]
[Annotator "Schussler"]
[PlyCount "96"]
[EventDate "1991.07.??"]
[EventType "tourn"]
[EventRounds "10"]
[EventCountry "ISR"]
[EventCategory "11"]
[SourceTitle "CBM 025"]
[Source "ChessBase"]
[SourceDate "1991.12.01"]
[SourceVersion "1"]
[SourceVersionDate "1991.12.01"]
[SourceQuality "1"]

1. Nf3 Nf6 2. c4 g6 3. Nc3 Bg7 4. e4 d6 5. d4 O-O 6. Be2 e5 7. Be3 c6 8. d5 Ng4
9. Bd2 {Neuerung} (9. Bg5 f6 10. Bh4) 9... f5 10. Bg5 Nf6 11. dxc6 bxc6 12. Qd2
fxe4 13. Bxf6 Bxf6 14. Nxe4 Bf5 15. Nxf6+ Qxf6 16. Rd1 Rd8 17. Qg5 Kg7 18. O-O
Na6 19. g4 Be6 20. Qxf6+ Kxf6 21. Nd2 Rab8 22. Ne4+ Ke7 23. b3 Nc5 24. Nxc5
dxc5 25. Bf3 Rd4 26. Rxd4 cxd4 27. Re1 Kd6 28. c5+ Kxc5 29. Rxe5+ Bd5 30. Bxd5
cxd5 31. Kf1 d3 32. Ke1 Kd4 33. Re7 a5 34. Rxh7 Re8+ 35. Kd1 Re2 36. a4 Rxf2
37. h4 Rg2 38. h5 g5 39. h6 Rxg4 40. Rg7 Rg1+ 41. Kd2 Rg2+ 42. Kd1 Rh2 43. h7
g4 44. b4 axb4 45. a5 b3 46. a6 b2 47. Rb7 Rxh7 48. Rxb2 Kc3 0-1

[Event "World op 19th"]
[Site "Philadelphia"]
[Date "1991.??.??"]
[Round "?"]
[White "Shabalov, Alexander"]
[Black "Dolmatov, Sergey"]
[Result "0-1"]
[WhiteElo "2535"]
[BlackElo "2605"]
[PlyCount "94"]
[EventDate "1991.07.??"]
[EventType "swiss"]
[EventRounds "9"]
[EventCountry "USA"]
[SourceTitle "EXT 2000"]
[Source "ChessBase"]
[SourceDate "1999.11.16"]
[SourceVersion "1"]
[SourceVersionDate "1999.11.16"]
[SourceQuality "1"]

1. d4 Nf6 2. c4 g6 3. Nc3 Bg7 4. e4 d6 5. h3 O-O 6. Be3 e5 7. d5 Nbd7 8. Nf3
Nc5 9. Nd2 a5 10. g4 c6 11. Be2 a4 12. b4 axb3 13. axb3 Rxa1 14. Qxa1 Na6 15.
Nf1 Ne8 16. Ng3 Bf6 17. Qc1 Bh4 18. Bd3 Ng7 19. Rg1 Nb4 20. Bb1 cxd5 21. cxd5
Qa5 22. Bd2 Bd7 23. Na4 Bg5 24. Bxb4 Qxb4+ 25. Qc3 Qxc3+ 26. Nxc3 Rc8 27. Nge2
Bd8 28. Kd2 Bb6 29. Nd1 Ba5+ 30. Nec3 f5 31. gxf5 gxf5 32. exf5 Kf7 33. Rg3 Nh5
34. Rf3 Nf4 35. Be4 Bb5 36. Re3 Be2 37. Nb2 b5 38. h4 Kf6 39. Rg3 Bh5 40. Re3
Bf7 41. Nbd1 Bxd5 42. Bc2 Bc6 43. Kc1 d5 44. Kb2 d4 45. Ne4+ Bxe4 46. Rxe4 d3
47. Bb1 Bb6 0-1

[Event "Rubinstein Memorial"]
[Site "Polanica Zdroj"]
[Date "1991.??.??"]
[Round "9"]
[White "Romanishin, Oleg"]
[Black "Dolmatov, Sergey"]
[Result "1/2-1/2"]
[WhiteElo "2600"]
[BlackElo "2605"]
[PlyCount "93"]
[EventDate "1991.09.??"]
[EventType "tourn"]
[EventRounds "11"]
[EventCountry "POL"]
[EventCategory "11"]
[SourceTitle "CBM 026"]
[Source "ChessBase"]
[SourceDate "1992.02.01"]
[SourceVersion "1"]
[SourceVersionDate "1992.02.01"]
[SourceQuality "1"]

1. d4 f5 2. g3 Nf6 3. Bg2 g6 4. Nh3 Bg7 5. Nf4 d6 6. d5 c6 7. c4 O-O 8. O-O e5
9. dxe6 Na6 10. a4 Re8 11. Nc3 Bxe6 12. Nxe6 Rxe6 13. a5 Qd7 14. Rb1 Nc5 15. b4
Nfe4 16. Na2 Na6 17. Bb2 Bxb2 18. Rxb2 Nc7 19. Qb3 a6 20. Nc3 Nxc3 21. Qxc3 Qg7
22. Qb3 Qe5 23. e3 h5 24. h4 Kg7 25. Rd1 Rd8 26. Rbd2 Qf6 27. Rd4 Qe7 28. Qb2
Kh7 29. Qc2 Kg7 30. Bf1 Kh7 31. b5 axb5 32. cxb5 Nxb5 33. Bxb5 cxb5 34. Rd5 Re5
35. Qb3 Rxd5 36. Qxd5 Rc8 37. Qxb5 Rc5 38. Qb6 Rc6 39. Qb4 Qc7 40. Rb1 Rc1+ 41.
Rxc1 Qxc1+ 42. Kg2 Qc6+ 43. Kf1 Kg7 44. Ke2 Qc2+ 45. Ke1 Qc1+ 46. Ke2 Qc2+ 47.
Ke1 1/2-1/2

[Event "Moscow op"]
[Site "Moscow"]
[Date "1992.??.??"]
[Round "?"]
[White "Ye Jiangchuan"]
[Black "Dolmatov, Sergey"]
[Result "0-1"]
[WhiteElo "2545"]
[BlackElo "2610"]
[PlyCount "46"]
[EventDate "1992.??.??"]
[EventType "swiss"]
[EventCountry "RUS"]
[SourceTitle "EXT 2010"]
[Source "ChessBase"]
[SourceDate "2009.11.30"]
[SourceVersion "1"]
[SourceVersionDate "2009.11.30"]
[SourceQuality "1"]

1. e4 e6 2. d4 d5 3. Nd2 c5 4. exd5 Qxd5 5. Ngf3 cxd4 6. Bc4 Qd6 7. O-O Nf6 8.
Nb3 Nc6 9. Nbxd4 Nxd4 10. Nxd4 a6 11. Bb3 Qc7 12. Re1 Bd6 13. Nf5 Bxh2+ 14. Kh1
O-O 15. Nxg7 Rd8 16. Qf3 Kxg7 17. g3 b5 18. Bf4 Bb7 19. Bxc7 Bxf3+ 20. Kxh2
Ng4+ 21. Kg1 Rd2 22. Rf1 Rc8 23. Ba5 Rc5 0-1

[Event "RUS-chT"]
[Site "Podolsk"]
[Date "1992.??.??"]
[Round "?"]
[White "Dolmatov, Sergey"]
[Black "Sveshnikov, Evgeny"]
[Result "1-0"]
[WhiteElo "2595"]
[BlackElo "2560"]
[PlyCount "78"]
[EventDate "1992.??.??"]
[EventType "team"]
[EventRounds "12"]
[EventCountry "RUS"]
[SourceTitle "EXT 1997"]
[Source "ChessBase"]
[SourceDate "1996.11.15"]
[SourceVersion "1"]
[SourceVersionDate "1996.11.15"]
[SourceQuality "1"]

1. e4 c5 2. Nf3 Nc6 3. d4 cxd4 4. Nxd4 e5 5. Nb5 d6 6. c4 Be7 7. b3 Nf6 8. Bd3
O-O 9. O-O Bg4 10. f3 Be6 11. Be3 Nh5 12. g3 g6 13. N5c3 f5 14. exf5 gxf5 15.
Nd2 Rf7 16. f4 exf4 17. gxf4 Nf6 18. Nf3 Ng4 19. Qd2 Bf6 20. Rac1 Rg7 21. Kh1
Qe8 22. Bg1 Bxc3 23. Rxc3 Nf6 24. Re1 h6 25. Bc2 Ne4 26. Bxe4 fxe4 27. Rxe4 Qg6
28. Re1 Re8 29. Rce3 Ree7 30. Nh4 Qg4 31. Bf2 Qxf4 32. Bg3 Qg4 33. Qxd6 Bd7 34.
Rxe7 Nxe7 35. Rxe7 Bc6+ 36. Kg1 Rxe7 37. Qxe7 Qd4+ 38. Kf1 Qa1+ 39. Qe1 Qf6+
1-0

[Event "RUS-chT"]
[Site "Podolsk"]
[Date "1992.??.??"]
[Round "?"]
[White "Dolmatov, Sergey"]
[Black "Ulibin, Mikhail"]
[Result "1-0"]
[WhiteElo "2595"]
[BlackElo "2585"]
[PlyCount "85"]
[EventDate "1992.??.??"]
[EventType "team"]
[EventRounds "12"]
[EventCountry "RUS"]
[SourceTitle "EXT 1997"]
[Source "ChessBase"]
[SourceDate "1996.11.15"]
[SourceVersion "1"]
[SourceVersionDate "1996.11.15"]
[SourceQuality "1"]

1. e4 e6 2. d4 d5 3. Nc3 Nf6 4. Bg5 Be7 5. e5 Nfd7 6. Bxe7 Qxe7 7. f4 a6 8. Nf3
b6 9. Qd2 c5 10. Nd1 cxd4 11. Nxd4 O-O 12. Ne3 f6 13. exf6 Nxf6 14. Bd3 Nbd7
15. O-O-O Nc5 16. Rhf1 Bd7 17. Kb1 b5 18. g4 Qd6 19. Qe1 Rae8 20. Qh4 Nfe4 21.
Nb3 Bc6 22. g5 e5 23. fxe5 Rxe5 24. Rxf8+ Qxf8 25. Rf1 Qe7 26. Nf5 Qa7 27. Qf4
Re8 28. Nfd4 Nxb3 29. axb3 Ba8 30. Ne6 Qe7 31. Nc7 Rc8 32. Nxa8 Rxa8 33. h4 Rf8
34. Qxf8+ Qxf8 35. Rxf8+ Kxf8 36. Bxe4 dxe4 37. Kc1 Ke7 38. Kd2 Kd6 39. Ke3 Ke5
40. b4 g6 41. b3 Kf5 42. c3 Ke5 43. c4 1-0

[Event "RUS-chT"]
[Site "Podolsk"]
[Date "1992.??.??"]
[Round "?"]
[White "Panchenko, Alexander"]
[Black "Dolmatov, Sergey"]
[Result "1/2-1/2"]
[WhiteElo "2460"]
[BlackElo "2595"]
[PlyCount "20"]
[EventDate "1992.??.??"]
[EventType "team"]
[EventRounds "12"]
[EventCountry "RUS"]
[SourceTitle "EXT 1997"]
[Source "ChessBase"]
[SourceDate "1996.11.15"]
[SourceVersion "1"]
[SourceVersionDate "1996.11.15"]
[SourceQuality "1"]

1. e4 e6 2. d4 d5 3. Nd2 c5 4. Ngf3 cxd4 5. exd5 Qxd5 6. Bc4 Qd6 7. O-O Nf6 8.
Nb3 Nc6 9. Nbxd4 Nxd4 10. Qxd4 Bd7 1/2-1/2